000 00860nam a22002297a 4500
005 20240530110459.0
008 150622s2011 ua g b 000 0bara d
017 _a2010/14856
_bمصر . دار الكتب المصرية
040 _aEG-CaGPL
082 0 4 _221
_a953.0738
_bق/س ج
100 0 _aساهر رافع
245 1 0 _aجوهر القائد :
_bمؤسس الدولة الفاطمية فى مصر /
_cتاليف ساهر رافع
250 _aط1
260 _aالقاهرة :
_bالدار العالمية للكتب و النشر ،
_c2011 .
300 _a159 ص ؛
_c24 سم
504 _aيشتمل على ارجاعات ببليوجرافية
600 0 4 _aجوهر القائد
650 0 4 _aالملوك والحكام
650 0 4 _aالدولة الفاطمية
942 _2ddc
_cBK
999 _c61440
_d61440